EL SENTIDO DE LA VIDA HUMANA/

TRADUCCION DE: IL SENSO DELLA VITA UMANA

Guardado en:
書目詳細資料
主要作者: Marcozzi, Vittorio (autor)
格式: 圖書
叢編:PERSPECTIVAS; 56
主題:
標簽: 添加標簽
沒有標簽, 成為第一個標記此記錄!

MARC

LEADER 00000nam^a2200000^a^4500
001 000218558
005 20250521000000.0
009 20260310103753.609
035 |a 019082 
037 |a Acervo Xavier Clavigero 
082 |a 248. 4  |b MAR 
100 |a Marcozzi, Vittorio  |e (autor) 
245 1 3 |a EL SENTIDO DE LA VIDA HUMANA/  |c VITTORIO MARCOZZI, S.J.; TR. CANDIDO FLORES 
264 |a MADRID :  |b Razón y Fe,  |c 1967 
300 |a 286p. 
336 |a texto  |b txt  |2 rdacontenido 
337 |a sin mediación  |b n  |2 rdamedio 
338 |a volumen  |b nc  |2 rdasoporte 
440 |a PERSPECTIVAS;  |v 56 
520 |a TRADUCCION DE: IL SENSO DELLA VITA UMANA 
649 |a XX 
650 |a Conducta de Vida 
650 |a Vida Cristiana 
910 |a Fondo General 
920 |a Impresos - Libros 
930 |a Colección General 
905 |a 101 
901 |a 019082  |b IT1  |c ACC  |i 019082  |u 20250521 
902 |a https://opac.biblio.iteso.mx/vufind/Record/000218558